| 000 | 00818nam a2200217Ia 4500 | ||
|---|---|---|---|
| 003 | GCL | ||
| 008 | 140319s9999 xx 000 0 ara d | ||
| 020 | _a9480704977 | ||
| 040 |
_aGCL / _cGCL |
||
| 082 | 0 | 4 |
_a341.481 _bع ا |
| 100 | 1 | _aعادل محمد خير | |
| 245 | 1 | 0 |
_aالاجنبى وحقوق الانسان فى قانون حقوق الانسان الدولى والقانون الانسانى الدولى / _cعادل محمد خير |
| 250 | _aالاولى | ||
| 260 |
_aالقاهرة : _bدار نافع للطباعة ، _c2005 |
||
| 300 |
_a551 ص ؛ _c24 سم |
||
| 650 | 0 | 4 | _aحقوق الانسان |
| 650 | 0 | 4 | _aالحقوق المدنية |
| 650 | 0 | 4 | _aحقوق الانسان - قانون دولى |
| 650 | 0 | 4 | _aحقوق الانسان - قوانين وتشريعات |
| 942 |
_2ddc _cBK |
||
| 999 |
_c8567 _d8567 |
||